| 000 | 01431nam a2200325 c 4500 | ||
|---|---|---|---|
| 003 | BLK | ||
| 005 | 20240821143204.0 | ||
| 008 | 180408b bul|||||r ||||||| ||bul|| | ||
| 010 | _aKNG00089094000 | ||
| 020 |
_a978-954-585-997-7 _bиздат.: Бард |
||
| 040 | _aBLK | ||
| 041 |
_aBUL _cBUL |
||
| 080 |
_aАмериканска литература (на САЩ) _b821.111(73) _x-96 _z821.111(73)-96 |
||
| 100 | 1 |
_aРедфийлд, Джеймс _eпърви автор _9115754 |
|
| 700 | 1 |
_aКръстева, Мария _d1957 - 2011 _qГеоргиева, Мария Кръстева _953160 |
|
| 139 |
_aРедфийлд, Джеймс _bР 45 |
||
| 245 | 1 | 0 |
_aСелестинското пророчество _cДжеймс Редфийлд; прев. Мария Кръстева. |
| 250 | _a3. изд. | ||
| 257 | _aUSA | ||
| 260 |
_аСофия _bБард _c2009 |
||
| 300 |
_a320 с. _c20 см |
||
| 380 | _aX | ||
| 500 | _a1. изд. 1995 на изд. Епсилон в сер. Енигма. - Ориг. загл. The Celestine Prophecy / James Redfild. - Пълното име на прев. е Мария Кръстева Георгиева. - Кн. 1 от Селестинската поредица. | ||
| 852 | _aЦб 243749 | ||
| 856 | 4 |
_qpdf _u |
|
| 856 | 4 |
_qpdf _u |
|
| 942 |
_cKNG _n0 _020 |
||
| 944 |
_aCR _c23.04.2009 _lЦветелина Шанова _k30531 |
||
| 944 |
_aED _c07.07.2011 _lф / _k |
||
| 999 |
_c84508 _d84508 |
||